| 000 | 01353 a2200253 4500 | ||
|---|---|---|---|
| 003 | Nust | ||
| 005 | 20221219101511.0 | ||
| 010 | _a 2002027225 | ||
| 020 | _a0471218766 (cloth : alk. paper) | ||
| 040 | _cNust | ||
| 082 | 0 | 0 | _a621.3824,MAK |
| 100 | 1 |
_aMakarov, Sergey N. _9105164 |
|
| 245 | 1 | 0 |
_aAntenna and EM modeling with Matlab / _cSergey N. Makarov. |
| 260 |
_aNew York : _bWiley-Interscience, _cc2002. |
||
| 300 |
_axiii, 273 p. : _bill. ; _c25 cm. + _e1 CD-ROM (4 3/4 in.) |
||
| 505 | _a Introduction (Page-1), Receiving Antenna (Page-11), Algorithm for Far and Near Fields (Page-39), Dipole and Monopole Antennas (Page-57), Loop Antennas (Page-89), Antenna Arrays (Page-113), Broadband Antennas (Page-151), Ultra Wideband Communications Antenna (Page-193), Antenna Loading (Page-223), Patch Antennas (Page-233). | ||
| 650 | 0 |
_aAntenna radiation patterns _xComputer simulation. _9105165 |
|
| 650 | 0 |
_aAntennas (Electronics) _xComputer simulation. _9105166 |
|
| 650 | 0 |
_aElectromagnetic waves _xComputer simulation. _9105167 |
|
| 856 | 4 | 2 |
_3Contributor biographical information _uhttp://www.loc.gov/catdir/bios/wiley044/2002027225.html |
| 856 | 4 | 2 |
_3Publisher description _uhttp://www.loc.gov/catdir/description/wiley036/2002027225.html |
| 856 | 4 | 2 |
_3Table of contents _uhttp://www.loc.gov/catdir/toc/wiley023/2002027225.html |
| 942 |
_2ddc _cBK |
||
| 999 |
_c215064 _d215064 |
||